The student in higher education.

সংরক্ষণ করুন:
গ্রন্থ-পঞ্জীর বিবরন
সংস্থা লেখক: The Committee on the Student in Higher Education
বিন্যাস: গ্রন্থ
ভাষা:ইংরেজি
বিষয়গুলি:
ট্যাগগুলো: ট্যাগ যুক্ত করুন
কোনো ট্যাগ নেই, প্রথমজন হিসাবে ট্যাগ করুন!

MARC

LEADER 00000cam^a2200000uu^4500
001 000463203
005 20250521000000.0
008 050901s1968^^^^^^^^^^^^rd^r^^000^0^eng^d
009 20260526145836.281
035 |a FCE 000005753 
035 |a FCE 022861 
037 |a Acervo ITESO - Biblioteca 
041 |a eng 
082 0 4 |a 378.73  |b COMs 
110 |a The Committee on the Student in Higher Education 
245 1 4 |a The student in higher education. 
264 |a Estados Unidos :  |b Hazen Foundation,  |c 1968. 
300 |a 66 p. 
336 |a texto  |b txt  |2 rdacontenido 
337 |a sin mediación  |b n  |2 rdamedio 
338 |a volumen  |b nc  |2 rdasoporte 
649 |a XX 
650 |a Educación superior 
650 |a Formación profesional 
650 |a Estudiantes 
650 |a Universidad 
650 |a Comportamiento 
650 |a Orientación educativa 
650 |a Fines de la educación 
650 |a Características del estudiante 
650 |a Relaciones familiares 
650 |a Estados Unidos 
910 |a Fondo Centro de Estudios Educativos 
920 |a Impresos - Libros 
930 |a Fondos Especiales 
905 |a 133 
901 |a ALE022861  |b IT2  |c CEE  |u 20250521 
902 |a https://opac.biblio.iteso.mx/vufind/Record/000463203